| 000 | 00551nam a2200145Ia 4500 | ||
|---|---|---|---|
| 008 | 140724s9999 xx 000 0 und d | ||
| 050 |
_aRT 41 _b.Ac173 2010 |
||
| 100 | _aAcena, Hanna A. | ||
| 245 | 4 |
_aThe relationship between Adequacy of sleep and performance in two core subjects among BSN level II students of Southville and Colleges / _cHannah A. Acena. |
|
| 260 |
_aLas PiƱas, Philippines : _bSouthville International School and Colleges, _cc2010. |
||
| 300 |
_a48 p. : _bill. ; _c28 cm. |
||
| 521 | _aNursing | ||
| 942 | _cTH | ||
| 999 |
_c228688 _d228688 |
||